000 01546cam a2200397 a 4500
001 15349002
003 ARRUPE
005 20220505090949.0
008 080630s2009 mauab b 000 0beng
010 _a 2008028420
020 _a9781566567367 (pbk.)
020 _a156656736X (pbk.)
035 _a(OCoLC)ocn233283711
035 _a(OCoLC)233283711
_z(OCoLC)233026156
040 _aDLC
_cDLC
_dYDXCP
_dC#P
_dBWX
_dBAKER
_dDLC
043 _af-ug---
_af-sj---
050 0 0 _aDT433.287.K66
_bG74 2009
082 0 0 _a967.6104/4092
_aB
_222
100 1 _aGreen, Matthew,
_d1975-
_910148
245 1 4 _aThe wizard of the Nile :
_bthe hunt for Africa's most wanted /
_cMatthew Green.
250 _a1st American ed.
260 _aNorthampton, Mass. :
_bOlive Branch Press,
_c2009.
300 _axiii, 333 p. :
_bill., maps ;
_c23 cm.
504 _aIncludes bibliographical references (p. 323-328).
600 1 0 _aKony, Joseph.
_910149
610 2 0 _aLord's Resistance Army.
_910150
650 0 _aInsurgency
_zUganda.
_910151
650 0 _aAcholi (African people)
_xReligion.
651 0 _aUganda
_xHistory
_y1979-
_910153
651 0 _aUganda
_xPolitics and government
_y1979-
651 0 _aSudan
_xPolitics and government
_y1985-
_910155
856 4 1 _3Table of contents only
_uhttp://www.loc.gov/catdir/toc/ecip0822/2008028420.html
906 _a7
_bcbc
_corignew
_d1
_eecip
_f20
_gy-gencatlg
942 _2lcc
_cMONOGRAPH
999 _c131346
_d131346